000 00583nam a2200193 i 4500
001 130328
003 ES-MaACL
005 20230906193716.0
007 t|
008 070725s1970 sp ||||1| spa d
100 1 _aZamacois, Matilde F. de.
_9117884
245 1 0 _aA solas con él
_b: pensamientos recopilados de la "Opera Omnia"... /
_cMatilde F. de Zamacois.
260 _aBarcelona :
_bA. H. R.,
_c[1970]
300 _a181 p. ;
_c20 cm.
490 1 _aCuatro al año
830 0 _aCuatro al año
_9186812
852 _aES-MaACL
_jC-40102
_bR.76230
999 _c130328
_d130328